000 00770nam a22002657a 4500
003 UA-OsUOA
001 27312
007 ta
008 20040624b un ||||| |||| 00| 0 ukr d
100 _aВазари Джорджо
090 _a75:929
_bВ13
942 _cBK
040 _aUA-OsUOA
_brus
_cUA-OsUOA
_dUA-OsUOA
245 _aИзбранные жизнеописания наиболее знаменитых живописцев, ваятелей и зодчих
300 _a732 с.
_bІлюстрації
955 _a0
041 _arus
080 _a75:929
020 _a5-271-01709-5
260 _aМосква
_bАстрель
_c2001
044 _aRU
250 _nПеревод с итальянского
650 7 _2UDC
999 _c313656
_d313656